Water and society in a Spanish American city (Record no. 10829)

MARC details
000 -LEADER
campo de control de longitud fija 01828aab a2200397 i 4500
001 - NÚMERO DE CONTROL
campo de control MOR01000010838
005 - FECHA Y HORA DE LA ÚLTIMA TRANSACCIÓN
campo de control 20260417012439.0
007 - CAMPO FIJO DE DESCRIPCIÓN FÍSICA--INFORMACIÓN GENERAL
campo de control de longitud fija ta
008 - DATOS DE LONGITUD FIJA--INFORMACIÓN GENERAL
campo de control de longitud fija 900723d1990 ncu p nbn 0 0eng d
022 ## - NÚMERO INTERNACIONAL NORMALIZADO PARA PUBLICACIONES SERIADAS
Número Internacional Normalizado para Publicaciones Seriadas 0018-2168
035 ## - NÚMERO DE CONTROL DEL SISTEMA
Número de control de sistema 903678
040 ## - FUENTE DE CATALOGACIÓN
Centro catalogador/agencia de origen mxcmmo
Lengua de catalogación spa
Normas de descripción rda
Centro/agencia transcriptor mxcmmo
041 0# - CÓDIGO DE IDIOMA
Código de lengua del texto/banda sonora o título independiente eng
043 ## - CÓDIGO DE ÁREA GEOGRÁFICA
Código de área geográfica ncgt---
045 ## - PERIODO DE TIEMPO DEL CONTENIDO
Código de periodo de tiempo t5s7
082 04 - NÚMERO DE LA CLASIFICACIÓN DECIMAL DEWEY
Número de clasificación 905
Número de ítem HIS.a1
100 1# - ENTRADA PRINCIPAL--NOMBRE DE PERSONA
Nombre de persona Webre, Stephen
Fechas asociadas al nombre 1946-
Término indicativo de función/relación autor
9 (RLIN) 23088
245 10 - MENCIÓN DEL TÍTULO
Título Water and society in a Spanish American city
Resto del título : Santiago de Guatemala, 1555-1773/
Mención de responsabilidad, etc. Stephen Webre. -- p. 57-84
336 ## - TIPO DE CONTENIDO
Término de tipo de contenido texto
Código de tipo de contenido txt
Fuente rdacontent
337 ## - TIPO DE MEDIO
Nombre/término del tipo de medio sin medio
Código del tipo de medio n
Fuente rdamedia
338 ## - TIPO DE SOPORTE
Nombre/término del tipo de soporte volumen
Código del tipo de soporte nc
Fuente rdacarrier
500 ## - NOTA GENERAL
Nota general En: Hispanic American historical review. -- Vol. 70, numbers 1 (feb. 1990)
504 ## - NOTA DE BIBLIOGRAFÍA, ETC.
Nota de bibliografía, etc. Nota Incluye bibliografías
520 8# - RESUMEN, ETC.
Sumario, etc. La distribución del agua y otros servicios tiende a determinar la vida en las ciudades. El artículo trata la forma en la que los habitantes de la Antigua Guatemala, durante la época colonial, surtieron de agua sus barrios, que eran trazados y adquirían categoría segun su cercanía con las fuentes. El mantenimiento y la forma de propiedad de los servicios urbanos provocó un cambio administrativo en las colonias e impulsó la aplicación y el desarrollo de la tecnología adecuada.
650 #7 - PUNTO DE ACCESO ADICIONAL DE MATERIA--TÉRMINO DE MATERIA
Término de materia o nombre geográfico como elemento de entrada Agua
Subdivisión general Abastecimiento
Subdivisión geográfica Guatemala
-- Antigua, La
Subdivisión general Historia
9 (RLIN) 23089
650 #7 - PUNTO DE ACCESO ADICIONAL DE MATERIA--TÉRMINO DE MATERIA
Término de materia o nombre geográfico como elemento de entrada Ciudades y pueblos
Subdivisión general Crecimiento
Subdivisión geográfica Guatemala
-- Antigua, La
Subdivisión general Historia
9 (RLIN) 23090
900 ## - ELEMENTOS DE DATOS A LOCAL, LDA (RLIN)
Nombre de persona ALEPH14
Numeración 10
Títulos y otros términos asociados al nombre 20061103
Lenguaje de la obra MOR01
-- 1040
900 ## - ELEMENTOS DE DATOS A LOCAL, LDA (RLIN)
Nombre de persona BATCH-UPD
Numeración 00
Títulos y otros términos asociados al nombre 20120323
Lenguaje de la obra MOR01
-- 1730
900 ## - ELEMENTOS DE DATOS A LOCAL, LDA (RLIN)
Nombre de persona BATCH-UPD
Numeración 10
Títulos y otros términos asociados al nombre 20120321
Lenguaje de la obra MOR01
-- 1645
900 ## - ELEMENTOS DE DATOS A LOCAL, LDA (RLIN)
Nombre de persona BATCH
Numeración 00
Títulos y otros términos asociados al nombre 20120322
Lenguaje de la obra MOR01
-- 1709
900 ## - ELEMENTOS DE DATOS A LOCAL, LDA (RLIN)
Nombre de persona DYNIX
Numeración 00
Títulos y otros términos asociados al nombre 20030304
Lenguaje de la obra MOR01
-- 1716
904 ## - ELEMENTOS DE DATOS D LOCAL, LDD (RLIN)
a UPDATE
942 ## - ELEMENTOS DE ENTRADA SECUNDARIOS (KOHA)
Código de la institución [OBSOLETO] SE
901 ## - ELEMENTOS DE DATOS A LOCAL LDA (RLIN)
a batch batch
Holdings
Estatus retirado Estado de pérdida Fuente del sistema de clasificación o colocación Estado de daño Restricciones de uso No para préstamo Colección Biblioteca de origen Biblioteca actual Ubicación en estantería Fecha de adquisición Enumeración/cronología de publicación seriada Total de préstamos Signatura topográfica completa Código de barras Visto por última vez Precio de reemplazo Tipo de ítem Koha
    Clasificación Decimal Dewey   En sala   Publicaciones Periódicas (General) Biblioteca Nicolas Poussin Biblioteca Nicolas Poussin En sala 16/05/1995 v. 70   (P)/905 HIS.a1 -71907 03/09/2024 03/09/2024 Publicación periódica